Úvaha o človeku v globalizujúcom sa svete

Poukázanie na chápanie niektorých prejavov globalizačného procesu. Otázky úlohy človeka v globalizujúcom sa svete. Pojem globalizácia ako fenomén dnešnej postmodernej doby.

Uložené v:
Podrobná bibliografia
Hlavný autor: Dudinská, Elvíra
Médium: Kapitola
Jazyk:Slovak
Predmet:
Tagy: Pridať tag
Žiadne tagy, Buďte prvý, kto otaguje tento záznam!

MARC

LEADER 00000naa$a2200000$$$4500
001 0038183
005 20231013113051.6
041 0 |a slo 
044 |a SK 
245 1 0 |a Úvaha o človeku v globalizujúcom sa svete  |c Elvíra Dudinská 
520 |a Poukázanie na chápanie niektorých prejavov globalizačného procesu. Otázky úlohy človeka v globalizujúcom sa svete. Pojem globalizácia ako fenomén dnešnej postmodernej doby. 
610 2 0 |a globalizácia 
610 2 0 |a svet 
610 2 0 |a javy ekonomické 
610 2 0 |a činiteľ ľudský 
610 2 0 |a civilizácia 
610 2 0 |a spoločnosť globálna 
100 1 |a Dudinská, Elvíra